| 000 | 00594 a2200169 4500 | ||
|---|---|---|---|
| 999 |
_c143 _d143 |
||
| 020 | _a9780495813569 | ||
| 050 | 0 | 0 | _aHF5381 ZUN 2006 |
| 100 | _aZunker Vernon G. | ||
| 245 | 0 | 0 |
_aCareer counseling : _bA Holistic Approach / _cVernon G. Zunker |
| 264 |
_aNew York : _bBrooks., _c2006 |
||
| 300 |
_axxiii, 595 p. : _bill. ; |
||
| 500 | _aIncludes index. | ||
| 504 | _aIncludes bibliographical references. | ||
| 650 | 0 | _aVocational guidance. | |
| 942 |
_2lcc _cBK _e7th ed. _h5381 _iZUN _kHF |
||